Midweek Stumper #5 - Statistics

General Stats
  • This quiz has been taken 128 times
  • The average score is 12 of 24
Answer Stats
Fragment Answer % Correct
St_ _my Stormy
84%
Or_ _in Origin
70%
Pr_ _on Proton
69%
Ci_ _er Cinder
66%
Su_ _an Sultan
62%
Pu_ _ey Pulley
61%
Ci_ _er Cipher
60%
Pa_ _le Paddle
55%
Mu_ _in Muffin
53%
Ob_ _st Oblast
50%
St_ _my Steamy
50%
Fe_ _ty Feisty
49%
Sa_ _on Salmon
49%
Fe_ _ty Fealty
47%
Re_ _ge Renege
47%
Or_ _in Ordain
45%
Pr_ _on Prison
43%
Sa_ _on Saloon
41%
Pa_ _le Parole
38%
Re_ _ge Refuge
37%
Mu_ _in Muslin
30%
Su_ _an Suntan
27%
Pu_ _ey Purvey
16%
Ob_ _st Oboist
13%
No matching quizzes found
Score Distribution
Percent of People with Each Score
Percentile by Number Answered
Your Score History
You have not taken this quiz